00533nam a2200121 a 450000100100000000500170001000800410002704000250006810000270009324502160012026000550033630000200039100003335720200930070213.0110825s1901 dr 000 0 spa d aDO-SdBNPbspacBNPHU1 aCastellanos, Rafael C.10aInforme acerca de la reforma educacional iniciada por Eugenio María de Hostos presentado al Congreso Nacional el 10 de junio de 1901 por el representante por Puerto Plata. /cPbro. Lcdo. Rafael C. Castellanos. aSanto Domingo :bImp. de García Hermanos,c1901. a54 p. ;c23 cm.